000 00950cam a2200265 a 4500
001 000019621
005 20200929170059.0
008 760828s1965 ag 001 faspa d
040 _aDO-SdBNP
_bspa
_cDLC
_dBNPHU
082 _a863.6
_bP153n, 1965
100 1 _aPalacio Valdés, Armando,
_d1853-1938
_941846
245 1 3 _aLa novela de un novelista :
_bescenas de la infancia y adolescencia /
_cArmando Palacio Valdés.
250 _a8a ed.
260 _aBuenos Aires, Argentina :
_bEspasa-Calpe Argentina,
_c1965.
300 _a239, [14] p. ;
_c18 cm.
490 1 _aAustral. Azul: novelas y cuentos en general
_v266
500 _aIncluye índice de autores.
650 4 _aNovela española
_91123
650 4 _aLiteratura española
_9632
651 4 _aEspaña
_xVida Social Y Costumbres
_918614
830 0 _aAustral.
_pAzul: novelas y cuentos en generales;
_v266
_942061
910 _aCatalogación derivada / LC
910 _aWM
049 _aBNGR
999 _c19137
_d19137